बढती जनसंख्या बिगडता पर्यावरण (Record no. 1033393)

MARC details
000 -LEADER
fixed length control field 00751nam a2200181Ia 4500
008 - FIXED-LENGTH DATA ELEMENTS--GENERAL INFORMATION
fixed length control field 151018s9999 xx 000 0 und d
082 ## - DEWEY DECIMAL CLASSIFICATION NUMBER
Item number RBASDV33891
Classification number 891.434
100 ## - MAIN ENTRY--PERSONAL NAME
Personal name हरिश्चंद्र व्यास
245 ## - TITLE STATEMENT
Title बढती जनसंख्या बिगडता पर्यावरण
250 ## - EDITION STATEMENT
Remainder of edition statement 1
260 ## - PUBLICATION, DISTRIBUTION, ETC. (IMPRINT)
Name of publisher, distributor, etc अरुण प्रकाशन
Date of publication, distribution, etc 2001
300 ## - PHYSICAL DESCRIPTION
Extent 126
600 ## - SUBJECT ADDED ENTRY--PERSONAL NAME
Personal name हरिश्चंद्र व्यास
630 ## - SUBJECT ADDED ENTRY--UNIFORM TITLE
Uniform title बढती जनसंख्या बिगडता पर्यावरण
700 ## - ADDED ENTRY--PERSONAL NAME
Personal name हरिश्चंद्र व्यास
730 ## - ADDED ENTRY--UNIFORM TITLE
Uniform title बढती जनसंख्या बिगडता पर्यावरण
942 ## - ADDED ENTRY ELEMENTS (KOHA)
Koha item type Book
Holdings
Withdrawn status Lost status Damaged status Not for loan Home library Current library Date acquired Cost, normal purchase price Total Checkouts Full call number Barcode Date last seen Cost, replacement price Price effective from Koha item type
        R.B. Anant Shivaji Desai Vachanalaya and Granthalaya, Kudal R.B. Anant Shivaji Desai Vachanalaya and Granthalaya, Kudal 05/31/2009 21.00   RBASDV33891 RBASDV33891 10/18/2015 21.00 10/18/2015 Book